The Pushy Button Quiz #QCCSecret - Statistics

General Stats
  • This quiz has been taken 270 times
  • The average score is 5 of 9
Answers on the Map
Answers color-coded by a green-red scale on the quiz's map according to % correct below.
 
Answer Stats
Goal Answer % Correct
One One
100%
Ten Ten
98%
Hundred Hundred
93%
Thousand Thousand
73%
Ten Thousand Ten Thousand
57%
Hundred Thousand Hundred Thousand
28%
Million Million
21%
Ten Million Ten Million
10%
Hundred Million Hundred Million
4%
No matching quizzes found
Score Distribution
Percent of People with Each Score
Percentile by Number Answered
Your Score History
You have not taken this quiz